Kleinwort Benson Ltd v Lincoln City Council and others (Record no. 58079)
[ view plain ]
| 000 -LEADER | |
|---|---|
| fixed length control field | 01661cab a2200253 4500 |
| 001 - CONTROL NUMBER | |
| control field | ABS60152 |
| 008 - FIXED-LENGTH DATA ELEMENTS--GENERAL INFORMATION | |
| fixed length control field | 090401t1998 xxu||||| |||| 00| 0 eng d |
| 035 ## - SYSTEM CONTROL NUMBER | |
| System control number | (Sirsi) u91488 |
| 041 ## - LANGUAGE CODE | |
| Language code of text/sound track or separate title | eng |
| 245 ## - TITLE STATEMENT | |
| Title | Kleinwort Benson Ltd v Lincoln City Council and others |
| 260 ## - PUBLICATION, DISTRIBUTION, ETC. | |
| Date of publication, distribution, etc. | 1998 |
| 350 ## - PRICE (NR) (BK AM CF MU VM SE) [OBSOLETE] | |
| Price | 0 |
| 490 ## - SERIES STATEMENT | |
| Series statement | Rating & Valuation Reporter |
| Volume/sequential designation | [1998] RVR, 315-340(26) |
| 520 ## - SUMMARY, ETC. | |
| Summary, etc. | HL 29 October 1998. Under "Hazell v Hammersmith & Fulham LBC", the appellant bank K began proceedings to recover money paid to the respondent local authorities under a mistake of law. The court considered: whether recovery of money paid under a mistake of law should be law; if not whether there should be an exception to recovery on grounds of mistake of law when the law has been changed by judicial decision; the fact that all interest rate swap transactions were fully performed; whether Limitation Act 1980 s32(1)c applied to mistakes of law. Appeal "held": (1) the rule that money paid under a mistake was unrecoverable was no longer law; (2) Payments made under private transactions later changed by judicial decision were recoverable; (3) the defence of honest receipt was not part of common law; (4) no principle said that money paid under a void contract was not recoverable; (5) Limitation Act 1980 s32(1)c applied for recovery of money paid under a mistake of law. |
| 650 ## - SUBJECT ADDED ENTRY--TOPICAL TERM | |
| Topical term or geographic name entry element | HONEST RECEIPT |
| 650 ## - SUBJECT ADDED ENTRY--TOPICAL TERM | |
| Topical term or geographic name entry element | KLEINWORT BENSON |
| 650 ## - SUBJECT ADDED ENTRY--TOPICAL TERM | |
| Topical term or geographic name entry element | LIMITATION ACT 1980 S32(1)C |
| 650 ## - SUBJECT ADDED ENTRY--TOPICAL TERM | |
| Topical term or geographic name entry element | LINCOLN CITY COUNCIL |
| 650 ## - SUBJECT ADDED ENTRY--TOPICAL TERM | |
| Topical term or geographic name entry element | MISTAKE OF LAW |
| 650 ## - SUBJECT ADDED ENTRY--TOPICAL TERM | |
| Topical term or geographic name entry element | RECOVERABILITY |
| 690 ## - LOCAL SUBJECT ADDED ENTRY--TOPICAL TERM (OCLC, RLIN) | |
| Topical term or geographic name as entry element | PROPERTY-PROPERTY FINANCE AND INVESTMENT |
| 942 ## - ADDED ENTRY ELEMENTS (KOHA) | |
| Suppress in OPAC | 0 |
| 948 ## - LOCAL PROCESSING INFORMATION (OCLC); SERIES PART DESIGNATOR (RLIN) | |
| c (OCLC) | 22/02/1999 |
| Withdrawn status | Lost status | Source of classification or shelving scheme | Damaged status | Not for loan | Home library | Current library | Shelving location | Date acquired | Total Checkouts | Full call number | Barcode | Date last seen | Copy number | Price effective from | Koha item type |
|---|---|---|---|---|---|---|---|---|---|---|---|---|---|---|---|
| Dewey Decimal Classification | London | London | Journal article | 14/09/1999 | ABS60152 | 91488-1001 | 06/08/2019 | 1 | 06/08/2019 | Law report |